| 000 | 01165nam a22002177a 4500 | ||
|---|---|---|---|
| 999 |
_c56969 _d56969 |
||
| 003 | Ge_BSU | ||
| 005 | 20190912111806.0 | ||
| 008 | 190912s2019 ge ||||| |||| 00| 0 geo d | ||
| 020 | _a9789941810787 (ნაწილი 3) | ||
| 041 | _ageo | ||
| 080 | _a821.353.1-4+321+342.5 ა-94 | ||
| 100 |
_aაქუბარდია, თამაზ. _93955 |
||
| 245 |
_aსახელისუფლებო ძალაუფლების ანატომია : ნაწ. 3 _bმეცნიერულ-პუბლიცისტური ესსე / _cთამაზ აქუბარდია ; რედ : დავით აქუბარდია. |
||
| 264 |
_aთბილისი : _bივერიონი, _c2019 |
||
| 300 |
_a208 გვ.: _c20 სმ. |
||
| 653 | _aქართული პუბლიცისტური წერილები | ||
| 653 | _aსახელისუფლებო ძალაუფლება | ||
| 653 | _aსახელმწიფო მმართველობა | ||
| 700 |
_aაქუბარდია, დავით _eრედაქტორი _93960 |
||
| 942 |
_2udc _cBK |
||